000 00345nam a2200145Ia 4500
008 210210b1987 xxu||||| |||| 00| 0 eng d
082 _a538 MNEW
100 _aMNEYAN (M G).
245 _aWonderful wizard of magnesia.
260 _aMoscow
_bMir Publishers
_c1987
300 _a160
650 _aMagnesia
690 _aPhysics
906 _a042818
999 _c92766
_d92766